| 000 | 01479nam0a2200349 4500 | ||
|---|---|---|---|
| 001 | RU\NLR\bibl\1415294 | ||
| 005 | 20250615212617.0 | ||
| 010 |
_a978-5-94552-071-4 _9150 |
||
| 021 |
_aRU _b2009-56272 _93469 |
||
| 035 | _a(nilc)RSL-KNO-004355107 | ||
| 035 | _a(NLR Aleph) 001407261 | ||
| 090 |
_a1259904 _c1259904 |
||
| 100 | _a20090709d2009 |||y0rusy50 ca | ||
| 101 | 0 | _arus | |
| 102 | _aRU | ||
| 105 | _ay zzzz||||| | ||
| 200 | 1 |
_aМировая экономика _eучебное пособие _fЕ. В. Суверов, И. Ю. Рыбальченко _gМ-во внутренних дел Российской Федерации, Барнаульский юридический ин-т |
|
| 210 |
_aБарнаул _cБЮИ МВД России _d2009 |
||
| 215 |
_a117 с. _cтабл. _d21 |
||
| 320 | _aБиблиогр.: с. 107-109 (41 назв.) и в подстроч. прим. | ||
| 606 | 1 |
_aМировое хозяйство _jУчебные издания для высших учебных заведений _91186934 _3RU\NLR\auth\66160660 |
|
| 686 |
_aУ50я73-1 _2rubbk |
||
| 686 | _aУ03(0)я73 | ||
| 700 | 1 |
_aСуверов _bЕ. В. _gЕвгений Васильевич _4070 |
|
| 701 | 1 |
_aРыбальченко _bИ. Ю. _gИгорь Юрьевич _4070 |
|
| 801 | 0 |
_aRU _bРКП _c20090709 _grcr |
|
| 801 | 1 |
_aRU _bРГБ _c20090709 |
|
| 801 | 2 |
_aRU _bNLR _c20090922 _grcr |
|
| 830 | _aавт. по кн. | ||
| 942 | _cBOOK | ||
| 980 | _aNB | ||